Feast Days of Blessed Virgin Mary - Statistics

General Stats
  • This quiz has been taken 12 times
  • The average score is 5 of 21
Answer Stats
Hint Answer % Correct
August 15 Assumption
82%
December 8 Immaculate Conception
64%
March 25 Annunciation
55%
December 12 Our Lady of Guadalupe
55%
May 13 Our Lady of Fatima
45%
February 11 Our Lady of Lourdes
45%
July 16 Our Lady of Mount Carmel
27%
October 7 Our Lady of the Rosary
27%
January 1 Solemnity of Mary, Mother of God
27%
Saturday after the solemnity of Corpus Christi The Immaculate Heart of Mary
27%
September 8 Birth of Mary
18%
May 31 Visitation
18%
August 2 Our Lady of Angels
9%
April 26 Our Lady of Good Counsel
9%
September 15 Our Lady of Sorrows
9%
November 21 Presentation of the Blessed Virgin Mary
9%
February 2 Presentation of the Lord
9%
August 22 Queenship of Mary
9%
August 5 Our Lady of Snows
0%
Monday after Pentecost The Blessed Virgin Mary, Mother of the Church
0%
September 12 The Most Holy Name of Mary
0%
No matching quizzes found
Score Distribution
Percent of People with Each Score
Percentile by Number Answered
Your Score History
You have not taken this quiz